L'Umanità dei Diritti Estratto dall'opera "Diritti Umani. Cultura dei diritti e dignità della persona nell'epoca della globalizzazione"

Salvato in:
Dettagli Bibliografici
Ente Autore: Regione Piemonte
Natura: Libro
Lingua:inglese
Pubblicazione: Torino UTET 2007
Tags: Aggiungi Tag
Nessun Tag, puoi essere il primo ad aggiungerne!!

MARC

LEADER 00000nam a2200000 4500
005 20241120172613.0
008 241120b |||||||| |||| 00| 0 eng d
040 |c GP 
110 |a Regione Piemonte 
245 |a L'Umanità dei Diritti  |b Estratto dall'opera "Diritti Umani. Cultura dei diritti e dignità della persona nell'epoca della globalizzazione" 
260 |a Torino  |b UTET  |c 2007 
942 |2 ddc  |c BK  |n 0 
952 |0 0  |1 0  |2 ddc  |4 0  |6 323_409400000000000_UTE  |7 1  |9 2192  |a RM  |b RM  |d 2024-11-20  |l 0  |o 323.4094 UTE  |p 701  |r 2024-11-20 17:26:31  |w 2024-11-20  |y BK 
999 |c 1933  |d 1933